Miasta na literę D w Europie - Quiz na mapie - Statystyki

Ogólne statystyki
  • Ten quiz został rozwiązany 26 razy
  • Średni wynik to 11 z 17
Odpowiedzi na mapie
Odpowiedzi zakodowano w zielono-czerwonej skali na mapie do tego quizu, zgodnie z poniższymi procentami.
 
Statystyki odpowiedzi
Odpowiedź % Poprawnych
Dublin
100%
Dąbrowa Górnicza
89%
Dijon
83%
Donieck
83%
Drezno
83%
Debreczyn
78%
Derby
67%
Dordrecht
67%
Durres
67%
Derry
61%
Dniepr
61%
Dortmund
61%
Dundee
61%
Dyneburg
61%
Domodiedowo
50%
Duisburg
39%
Dusseldorf
28%
Nie znaleziono quizów pasujących do podanych kryteriów
Rozkład punktacji
Procent ludzi z każdym wynikiem
Percentyl według liczby udzielonych odpowiedzi
Twoja historia wyników
Nie rozwiązałeś tego quizu